Statistical techniques in business & economics / (Record no. 561)

000 -LEADER
fixed length control field 00683nam a22002297a 4500
001 - CONTROL NUMBER
control field 561
003 - CONTROL NUMBER IDENTIFIER
control field BD-DhUET
008 - FIXED-LENGTH DATA ELEMENTS--GENERAL INFORMATION
fixed length control field 140803b xxu||||| |||| 00| 0 eng d
020 ## - INTERNATIONAL STANDARD BOOK NUMBER
International Standard Book Number 9780070667075
040 ## - CATALOGING SOURCE
Transcribing agency 0
Modifying agency BD-DhUET
082 ## - DEWEY DECIMAL CLASSIFICATION NUMBER
Classification number 519.23
Item number LIN/2008
100 ## - MAIN ENTRY--PERSONAL NAME
Personal name Lind, Douglas A.
245 ## - TITLE STATEMENT
Title Statistical techniques in business & economics /
Statement of responsibility, etc. by Douglas A. Lind, William G. Marchal, Samuel A. Wathen
250 ## - EDITION STATEMENT
Edition statement 13th ed.
260 ## - PUBLICATION, DISTRIBUTION, ETC. (IMPRINT)
Place of publication, distribution, etc. New Delhi:
Name of publisher, distributor, etc. Tata McGraw-Hill,
Date of publication, distribution, etc. 2008.
300 ## - PHYSICAL DESCRIPTION
Extent xix,860p.
504 ## - BIBLIOGRAPHY, ETC. NOTE
Bibliography, etc With one CD-ROM (Acc.no.112988)
650 #0 - SUBJECT ADDED ENTRY--TOPICAL TERM
Topical term or geographic name as entry element Probabilities and random processes
700 ## - ADDED ENTRY--PERSONAL NAME
Personal name Marchal, William G.
700 ## - ADDED ENTRY--PERSONAL NAME
Personal name Wathen, Samuel A.
942 ## - ADDED ENTRY ELEMENTS (KOHA)
Koha item type General Book
Holdings
Sublocation or collection (holding branch) Koha item type Damaged status Price effective from Piece designation (barcode) Koha issues (times borrowed) Location (home branch) Copy number Koha date last borrowed Shelving location Koha date last seen Withdrawn status Koha out on loan Koha full call number Not for loan Lost status Source of classification or shelving scheme Date acquired Koha normalized classification for sorting
Central Library, BUETGeneral Book 2014-08-031120966Central Library, BUET12023-09-10Circulation section2023-09-10 2023-09-24519.23/LIN/2008   2014-08-03519_000000000000000_23LIN2008
Central Library, BUETGeneral Book 2014-08-031120978Central Library, BUET22023-06-07Circulation section2023-10-30  519.23/LIN/2008   2014-08-03519_000000000000000_23LIN2008
Central Library, BUETGeneral Book 2014-09-291129886Central Library, BUET32023-05-28Circulation section2023-05-28 2024-05-27519.23/LIN/2008   2014-09-29519_000000000000000_23LIN2008